000 00711nam a2200205Ia 4500
003 GCL
008 140319s9999 xx 000 0 ara d
020 _a1685851
040 _aGCL /
_cGCL
082 0 4 _aط
_b813.02
_bا ا
100 1 _aاحمد حسن الخميسى
245 1 0 _aاداب وحكايات تربوية للاطفال : القططة تعقد اجتماعا /
_cاحمد حسن الخميسى
700 1 _aنجدت قلعة جى
260 _aسوريا :
_bدار القلم العربى
300 _a2 مج ؛
_c19 سم
490 _aاداب وحكايات تربوية للاطفال
_v0
650 0 4 _aالقصص القصيرة
650 0 4 _aقصص الاطفال
942 _2ddc
_cBK
999 _c10051
_d10051